Alle Barbie-Filme - Statistiken

Allgemein
  • Dieses Quiz wurde 460 mal gespielt
    155 seit der letzten Aktualisierung
  • Das Durchschnittsergebnis liegt bei 15 aus 45
Antwortstatistiken
Hint Antwort % Korrekt
2023 Barbie
77%
2001 Barbie in: Der Nussknacker
74%
2008 Barbie - Mariposa
71%
2003 Barbie in Schwanensee
70%
2006 Barbie in: Die 12 tanzenden Prinzessinnen
65%
2004 Barbie als Die Prinzessin und das Dorfmädchen
62%
2002 Barbie als Rapunzel
61%
2010 Barbie - Modezauber in Paris
61%
2009 Barbie und die Drei Musketiere
54%
2009 Barbie präsentiert Elfinchen
53%
2008 Barbie und das Diamantschloss
53%
2005 Barbie - Fairytopia
52%
2011 Barbie - Die Prinzessinnen-Akademie
51%
2010 Barbie und das Geheimnis von Oceana
49%
2012 Barbie - Die Prinzessin und der Popstar
46%
2008 Barbie in: Eine Weihnachtsgeschichte
46%
2014 Barbie und die geheime Tür
40%
2012 Barbie und das Geheimnis von Oceana 2
38%
2005 Barbie und der geheimnisvolle Pegasus
38%
2007 Barbie als Prinzessin der Tierinsel
37%
2006 Barbie - Fairytopia: Mermaidia
35%
2013 Barbie in: Die Verzauberten Ballettschuhe
34%
2011 Barbie - Die geheime Welt der Glitzerfeen
30%
2006 Das Barbie Tagebuch
29%
2015 Barbie - Eine Prinzessin im Rockstar Camp
28%
2013 Barbie und ihre Schwestern im Pferdeglück
28%
2011 Barbie - Zauberhafte Weihnachten
25%
2007 Barbie - Fairytopia: Die Magie des Regenbogens
24%
2014 Barbie in: Die magischen Perlen
21%
2013 Barbie - Mariposa und die Feenprinzessin
21%
2017 Barbie: Die Videospiel-Heldin
20%
2015 Barbie in Die Superprinzessin
18%
2016 Barbie in: Das Agenten-Team
17%
2015 Barbie und ihre Schwestern in: Das große Hundeabenteuer
17%
2017 Barbie: Die Magie der Delfine
16%
2016 Barbie in: Das Sternenlicht-Abenteuer
15%
2016 Barbie und ihre Schwestern in: Die große Hundesuche
12%
2020 Barbie: Prinzessinnen-Abenteuer
9%
2021 Barbie Bühne frei für große Träume
8%
2021 Barbie und Chelsea: Dschungel-Abenteuer
6%
2022 Barbie - Meerjungfrauen Power
5%
2022 Barbie: Ein sagenhafter Roadtrip
3%
2023 Barbie: Skipper und das große Babysitting-Abenteuer
1%
2024 Barbie und Stacie: Eine Schwester für alle Fälle
0%
2025 Barbie und Teresa: So schmeckt Freundschaft
0%
Keine übereinstimmenden Quizze gefunden
Verteilung der Resultate
Anzahl Personen mit jedem Resultat
Perzentil nach korrekt beantworteten Fragen
Ihre Resultats-Entwicklung
Sie haben dieses Quiz seit der letzten Aktualisierung nicht gespielt